| 000 | 00678nam a2200205Ia 4500 | ||
|---|---|---|---|
| 003 | GCL | ||
| 008 | 140319s9999 xx 000 0 ara d | ||
| 040 |
_aGCL / _cGCL |
||
| 082 | 0 | 4 |
_a391 _bم ن |
| 100 | 1 | _aمحمود سلام زناتى | |
| 245 | 1 | 0 |
_aنظم وعادات: مجموعة مقالات / _cمحمود سلام زناتى |
| 260 |
_a[S.N] : _bلجنة الاعلام والدراسات المستقبلية ، _c1993 |
||
| 300 | _a278 ص | ||
| 490 | _a | ||
| 650 | 0 | 4 | _aالعادات والتقاليد |
| 650 | 0 | 4 | _aالاسلام والمجتمع |
| 650 | 0 | 4 | _aالزواج |
| 650 | 0 | 4 | _aالعرب - العادات والتقاليد |
| 942 |
_2ddc _cBK |
||
| 999 |
_c54725 _d54725 |
||